000 01337nam a2200337Ia 4500
001 ebr10279502
003 CaPaEBR
006 m u
007 cr cn|||||||||
008 910405s1991 nyu sb 001 0 eng d
010 _z 91016838
020 _z019506822X (acid-free)
020 _z9780195068221
040 _aCaPaEBR
_cCaPaEBR
035 _a(OCoLC)252589815
050 1 4 _aDS313
_b.B39 1991eb
082 0 4 _a955.05/1
_220
100 1 _aBayat, Mangol.
245 1 0 _aIran's first revolution
_h[electronic resource] :
_bShi'ism and the constitutional revolution of 1905-1909 /
_cMangol Bayat.
260 _aNew York :
_bOxford University Press,
_c1991.
300 _a316 p.
490 1 _aStudies in Middle Eastern history
504 _aIncludes bibliographical references (p. 297-303) and index.
533 _aElectronic reproduction.
_bPalo Alto, Calif. :
_cebrary,
_d2009.
_nAvailable via World Wide Web.
_nAccess may be limited to ebrary affiliated libraries.
650 0 _aIslam and politics
_zIran.
651 0 _aIran
_xHistory
_y1905-1911.
655 7 _aElectronic books.
_2local
710 2 _aebrary, Inc.
830 0 _aStudies in Middle Eastern history (New York, N.Y.)
856 4 0 _uhttp://site.ebrary.com/lib/rucke/Doc?id=10279502
_zAn electronic book accessible through the World Wide Web; click to view
999 _c4542
_d4542